000 00978nam a22002657a 4500
005 20240530110906.0
008 220214s2007 ua g 000 0 ara d
017 _bمصر. دار الكتب
_a2007/2253
020 _a9773131572
040 _aEG-CaGPL
_cEG-CaGPL
082 0 4 _221
_a327.12 /
_bع إ
100 0 _aعبدالرحيم على
245 1 2 _aالاعلام العربى وقضايا الارهاب /
_cعبدالرحيم على
250 _aط. 1
260 _aالقاهرة :
_bمركز المحروسة للنشر والخدمات الصحفية والمعلومات،
_c2007
300 _a310 ص. ؛
_c24 سم
650 0 7 _2qrmak
_aالعلاقات المصرية الامريكية
650 0 7 _aالاعلام العربى
650 0 7 _aالارهاب
650 0 7 _2qrmak
_aتنظيم القاعدة
650 0 7 _2qrmak
_aالاخوان المسلمين
651 _2qrmak
942 _2ddc
_cBK
999 _c66228
_d66228